Southville International School and Colleges
Your cart is empty.
  • Cart
  • Lists
    Public lists Eva Luna New books Lux_list list_1
    Your lists Log in to create your own lists
  • Log in to your account
  • Your cookies
  • Search history
Southville International School and Colleges
  • Advanced search
  • Recent comments
  • Most popular
  • Libraries

Log in to your account

Log in with GOOGLE


If you do not have an external account, but do have a local account, you can still log in:

  1. Home
  2. MARC view: The mortal instruments:
Normal view MARC view ISBD view

The mortal instruments: (Record no. 362788)

[ view plain ]
MARC details
000 -LEADER
fixed length control field 00559nam a2200193Ia 4500
003 - CONTROL NUMBER IDENTIFIER
control field 0
005 - DATE AND TIME OF LATEST TRANSACTION
control field 20250819111048.0
008 - FIXED-LENGTH DATA ELEMENTS--GENERAL INFORMATION
fixed length control field 191129s9999 xx 000 0 und d
020 ## - INTERNATIONAL STANDARD BOOK NUMBER
International Standard Book Number 9781416955078
050 ## - LIBRARY OF CONGRESS CALL NUMBER
Classification number PZ 7
Item number .C5265Cit 2007
100 ## - MAIN ENTRY--PERSONAL NAME
Personal name Clare, Cassandra
245 ## - TITLE STATEMENT
Statement of responsibility, etc Cassandra Clare
Title The mortal instruments:
Remainder of title city of bones /
260 ## - PUBLICATION, DISTRIBUTION, ETC. (IMPRINT)
Place of publication, distribution, etc New York :
Name of publisher, distributor, etc Margaret K. McElderry Books,
Date of publication, distribution, etc 2007.
300 ## - PHYSICAL DESCRIPTION
Extent 485 pages ;
Dimensions 21 cm.
650 ## - SUBJECT ADDED ENTRY--TOPICAL TERM
Topical term or geographic name as entry element Demonology
General subdivision Fiction.
650 ## - SUBJECT ADDED ENTRY--TOPICAL TERM
Topical term or geographic name as entry element Supernatural
General subdivision Fiction.
650 ## - SUBJECT ADDED ENTRY--TOPICAL TERM
Topical term or geographic name as entry element Horror stories.
942 ## - ADDED ENTRY ELEMENTS (KOHA)
Source of classification or shelving scheme Library of Congress Classification
Koha item type Books
Holdings
Withdrawn status Lost status Source of classification or shelving scheme Damaged status Home library Current library Shelving location Date acquired Source of acquisition Total Checkouts Total Renewals Full call number Barcode Checked out Date last seen Date checked out Price effective from Koha item type Public note
    Library of Congress Classification   Luxembourg Library Luxembourg Library Fiction Section 11/29/2019 Donation 1 2 PZ 7.C5265Cit 2007 20830 05/16/2020 02/28/2020 02/28/2020 11/29/2019 Books Donated by Cedrik Cid
    Library of Congress Classification   Luxembourg Library Luxembourg Library Fiction Section 05/05/2025 Donation     PZ 7 .C5265Cit 2007 18973   08/19/2025   08/19/2025 Books Book Replacement of Ryo Hamada

The mortal instruments:

APA

Clare C., . (2007). The mortal instruments. New York: Margaret K. McElderry Books.

Chicago

Clare Cassandra, . 2007. The mortal instruments. New York: Margaret K. McElderry Books.

Harvard

Clare C., . (2007). The mortal instruments. New York: Margaret K. McElderry Books.

MLA

Clare Cassandra, . The mortal instruments. New York: Margaret K. McElderry Books. 2007.

  • Place hold
  • Print
  • Cite
  • Add to your cart (remove)
  • Save record
    BIBTEX Dublin Core MARCXML MARC (non-Unicode/MARC-8) MARC (Unicode/UTF-8) MARC (Unicode/UTF-8, Standard) MODS (XML) RIS
  • More searches
    Search for this title in:
    Other Libraries (WorldCat) Other Databases (Google Scholar) Online Stores (Bookfinder.com) Open Library (openlibrary.org)

Exporting to Dublin Core...

SOUTHVILLE LIBRARY

Southville International School and Colleges Library

1281 Tropical Ave. Cor. Luxembourg St., BF Homes International, Las Pinas City

Tel. No. 8256374 / 252358 Loc. 117/146

Powered by Koha